00765nam a2200265Ia 4500008004000000020001500040041000800055082001500063100001800078245004600096250000500142260004200147300001100189650001500200650000700215650001300222650001700235650000800252650000600260690001200266700001600278906001100294999001900305952017500324210210b2006 xxu||||| |||| 00| 0 eng d a0521689201 aeng a574.5 CHAE aCHAPMAN (J L) aEcology: principles and applications Ed 2 a aU KbCambridge University Pressc2006 avi,330 aprinciples aEd aEcology: aapplications aand a2 aEcology aREISS (M J) a064838 c142026d142026 001040708Ecology and EnvironmentaALbALcEcologyd2021-02-17eBiblios Book Point, Surathkal-575014g295.00l0o574.5 CHAEp064838r2021-02-17 00:00:00w2021-02-17yBK